000
00494nam a2200181Ia 4500
008
100917s9999 xx 000 0 und d
082
_b
18722
100
_a
आपटे दत्तात्रय अनंत
245
_a
कवि चरित्र
260
_b
---
_c
1807
300
_a
168
365
_b
0.1
520
_a
चरित्र
630
_a
कवि चरित्र
650
_a
चरित्र
730
_a
कवि चरित्र
942
_c
BOOK
999
_c
624116
_d
624113